Introducción al estudio del ingreso nacional (Registro nro. 1196)
[ vista simple ]
| 000 -LEADER | |
|---|---|
| fixed length control field | 01095 a2200241 4500 |
| 001 - CONTROL NUMBER | |
| control field | 24525 |
| 005 - DATE AND TIME OF LATEST TRANSACTION | |
| control field | 20260407155529.0 |
| 008 - FIXED-LENGTH DATA ELEMENTS--GENERAL INFORMATION | |
| fixed length control field | 260407a1985 arg spa d |
| 003 - CONTROL NUMBER IDENTIFIER | |
| control field | AR-UNSa-BCEJYS |
| 040 ## - CATALOGING SOURCE | |
| Original cataloging agency | AR-UNSa-BCEJYS |
| Language of cataloging | spa |
| Transcribing agency | AR-UNSa-BCEJYS |
| 080 ## - UNIVERSAL DECIMAL CLASSIFICATION NUMBER | |
| Universal Decimal Classification number | 330.5 |
| Common auxiliary subdivision | Propiedad nacional. Riqueza nacional. Producto social. Balance de la economía. Estimación del producto nacional |
| 020 ## - INTERNATIONAL STANDARD BOOK NUMBER | |
| International Standard Book Number | 950-23-0047-5 |
| 100 1# - MAIN ENTRY--PERSONAL NAME | |
| Personal name | González, Norberto |
| 245 10 - TITLE STATEMENT | |
| Title | Introducción al estudio del ingreso nacional |
| 250 ## - EDITION STATEMENT | |
| Edition statement | 21a. ed |
| 264 #1 - PRODUCTION, PUBLICATION, DISTRIBUTION, MANUFACTURE, AND COPYRIGHT NOTICE | |
| Place of production, publication, distribution, manufacture | Buenos Aires : |
| Name of producer, publisher, distributor, manufacturer | EUDEBA (Editorial Universitaria de Buenos Aires) |
| Date of production, publication, distribution, manufacture, or copyright notice | 1985 |
| 300 ## - PHYSICAL DESCRIPTION | |
| Extent | 44 p. |
| Dimensions | 25 cm. |
| 505 ## - FORMATTED CONTENTS NOTE | |
| Formatted contents note | 1. Conceptos fundamentales - 2. Comentario de algunas cifras de la Argentina - 3. Análisis del ingreso nacional de la Argentina 1951 - 4. Nivel de actividad económica - 5. Relaciones intersectoriales(insumo-producto) |
| 590 ## - LOCAL NOTE (RLIN) | |
| Local note | niveau_biblio:m niveau_hierar:0 |
| 700 1# - ADDED ENTRY--PERSONAL NAME | |
| Personal name | Tomasini, Roberto |
| 856 41 - ELECTRONIC LOCATION AND ACCESS | |
| Uniform Resource Identifier | <a href="https://biblioeco.unsa.edu.ar/pmb/images/libros/Ingreso Nacional 18ed.jpg">https://biblioeco.unsa.edu.ar/pmb/images/libros/Ingreso Nacional 18ed.jpg</a> |
| Link text | Imagen de portada |
| Electronic format type | image/jpeg |
| 942 ## - ADDED ENTRY ELEMENTS (KOHA) | |
| Koha item type | |
| Withdrawn status | Lost status | Damaged status | Not for loan | Home library | Current library | Shelving location | Date acquired | Total checkouts | Full call number | Barcode | Date last seen | Price effective from | Koha item type |
|---|---|---|---|---|---|---|---|---|---|---|---|---|---|
| Biblioteca Prof. Eusebio Cleto del Rey | Biblioteca Prof. Eusebio Cleto del Rey | 07/04/2026 | 330.5 G642 21ed. | L53341 | 07/04/2026 | 07/04/2026 | Libro |